Velký test kancelářského softwaru pro rok 2008

Charakteristika testovaných programov: Microsoft Office 2003 Professional, Microsoft Office 2007 Professional, Microsoft Works 8.5, Corel WordPerfect Office X4 Professional, OpenOffice 2.4. Vyhodnotenie a odporúčania.

Na minha lista:
Detalhes bibliográficos
Autor principal: Hanák, Ján
Formato: Capítulo de Livro
Idioma:tcheco
Assuntos:
Tags: Adicionar Tag
Sem tags, seja o primeiro a adicionar uma tag!

MARC

LEADER 00000naa$a2200000$$$4500
001 0082714
005 20250626124001.6
041 0 |a cze 
044 |a CZ 
245 1 0 |a Velký test kancelářského softwaru pro rok 2008  |c Ján Hanák 
520 |a Charakteristika testovaných programov: Microsoft Office 2003 Professional, Microsoft Office 2007 Professional, Microsoft Works 8.5, Corel WordPerfect Office X4 Professional, OpenOffice 2.4. Vyhodnotenie a odporúčania. 
610 2 0 |a softvér 
610 2 0 |a kancelárie 
610 2 0 |a programy počítačové 
610 2 0 |a testovanie výrobkov 
100 1 |a Hanák, Ján